[Event "Roncana op-C 10th"]
[Site "Santa Eulalia de Roncana"]
[Date "2016.10.22"]
[Round "5"]
[White "Burriel Beltran, Alex"]
[Black "Garcia Alcaide, Raul"]
[Result "0-1"]
[WhiteElo "1342"]
[BlackElo "1686"]
[PlyCount "46"]
[EventDate "2016.09.24"]
[EventType "swiss"]
[EventRounds "8"]
[EventCountry "ESP"]
[SourceTitle "EXT 2022"]
[Source "ChessBase"]
[SourceDate "2021.10.06"]
[SourceVersion "1"]
[SourceVersionDate "2021.10.06"]
[SourceQuality "1"]

1. e3 e5 2. e4 Nf6 3. Nc3 Bc5 4. Nge2 0-0 5. g3 h6 6. Bg2 d6 7. 0-0 Bg4 8. Qe1 Nc6 9. Nd5 Be6 10. d3 b6 11. c4 a5 12. a3 Nd4 13. Nxd4 Bxd4 14. Rb1 c6 15. Ne3 b5 16. Bd2 bxc4 17. dxc4 Qc8 18. Bc3 Bc5 19. Nc2 Ng4 20. Ne3 Nf6 21. Bxa5 Bh3 22. Bxh3 Qxh3 23. Ng2 Ng4 0-1